Loading...

The Eastern Question 1774-1923/

Bibliographic Details
Main Author: Macfie A L
Format: Printed Book
Published: London: Longman, 1996.
Subjects:
LEADER 00508nam a22001571a 4500
020 |a 9780582291959 
082 |a 909  |b MAC/E 
100 |a Macfie A L  |9 135913 
245 |a The Eastern Question 1774-1923/  |c by Macfie A L 
260 |a London:  |b Longman,  |c 1996. 
300 |a 141p. 
650 |a History World  |9 135914 
650 |a History  |9 135915 
942 |c BK 
999 |c 11697  |d 11697 
952 |0 0  |1 0  |4 0  |6 909_000000000000000_MAC_E  |7 0  |9 16995  |a SSUS  |b SSUS  |d 2015-01-08  |g 622.22  |o 909 MAC/E  |p 028899  |r 2015-01-08  |v 0.00  |w 2015-01-08  |y BK